Las religiones afroamericanas en la América Latina y el Caribe ante los desafíos de Internet /
保存先:
| 第一著者: | |
|---|---|
| フォーマット: | 図書 |
| 言語: | Spanish |
| オンライン・アクセス: | texto completo desde el sitio de la revista |
| タグ: |
タグ追加
タグなし, このレコードへの初めてのタグを付けませんか!
|
MARC
| LEADER | 00000nam a22000007a 4500 | ||
|---|---|---|---|
| 003 | cru CIDCACS/IIS | ||
| 005 | 20191018155002.0 | ||
| 007 | ta | ||
| 008 | 191018s2013 cu |||p|r|||| 00| ||spa|d | ||
| 999 | |c 42518 |d 42518 | ||
| 040 | |c cru CIDCACS/IIS | ||
| 100 | 1 | |9 8725 |a Guanche, Jesús | |
| 245 | 1 | 4 | |a Las religiones afroamericanas en la América Latina y el Caribe ante los desafíos de Internet / |c Jesús Guanche |
| 300 | |a páginas 2-11 | ||
| 856 | |u https://revista.ecaminos.org/article/las-religiones-afroamericanas-en-la-america-latina/ |y texto completo desde el sitio de la revista | ||
| 942 | |2 ddc |c PP | ||
| 773 | 0 | |0 41970 |9 3141 |a Centro Memorial Dr. Martin Luther King, Jr |d La Habana, Cuba: Centro Memorial Dr. Martin Luther King, Jr, |o 17762 |t Caminos: |x 10257733 | |
